| 000 | 01344nam0a2200325 4500 | ||
|---|---|---|---|
| 001 | RU\NLR\BIBL_A\022130839 | ||
| 005 | 20260406081552.0 | ||
| 010 |
_a978-5-04-193819-2 _93000 |
||
| 035 | _a(RuMoRGB)012452419 | ||
| 035 | _a(NLR Aleph) 022130839 | ||
| 090 |
_a12834702 _c12834702 |
||
| 100 | _a20240207d2024 |||y0rusy50 ca | ||
| 101 | 0 | _arus | |
| 102 | _aRU | ||
| 105 | _aac z 000|a | ||
| 181 | 0 |
_ai3 _baxxe |
|
| 182 | 0 | _an | |
| 200 | 1 |
_aЗдесь всё по-честному _e[автобиография] _fЮрий Николаев _g[Красный квадрат] |
|
| 203 |
_aТекст _bвизуальный _cнепосредственный |
||
| 210 |
_aМосква _cЭксмо _d2024 (печ. 2023) |
||
| 215 |
_a270, [1] с. _cил., цв. ил., портр. _d25 |
||
| 225 | 1 |
_aЗа кадром _eистории легенд телевидения |
|
| 333 | _a16+ | ||
| 600 | 1 |
_aНиколаев _bЮ. А. _f1948 _gЮрий Александрович _xАвтобиография _92587008 _3RU\NLR\AUTH\6601739147 |
|
| 686 | 1 | _aЩ382.3(2Р)7-86Николаев | |
| 700 | 1 |
_7ca _8rus _aНиколаев _bЮ. А. _cтелеведущий _f1948-2025 _gЮрий Александрович _3RU\NLR\AUTH\770266569 _9266513 |
|
| 942 | _cBOOK | ||
| 980 | _aNB | ||